Outline of principal legal issues relating to real estate investments in the Netherlands. (Record no. 89531)

MARC details
000 -LEADER
fixed length control field 00807cam a2200253 4500
001 - CONTROL NUMBER
control field M1283
008 - FIXED-LENGTH DATA ELEMENTS--GENERAL INFORMATION
fixed length control field 090401t1992 xxu||||| |||| 00| 0 eng d
035 ## - SYSTEM CONTROL NUMBER
System control number (Sirsi) u30934
041 ## - LANGUAGE CODE
Language code of text/sound track or separate title eng
050 ## - LIBRARY OF CONGRESS CALL NUMBER
Classification number 332.632409492
110 ## - MAIN ENTRY--CORPORATE NAME
Corporate name or jurisdiction name as entry element Trenite van Doorne
9 (RLIN) 2762
245 ## - TITLE STATEMENT
Title Outline of principal legal issues relating to real estate investments in the Netherlands.
260 ## - PUBLICATION, DISTRIBUTION, ETC.
Place of publication, distribution, etc. Amsterdam, Netherlands
Name of publisher, distributor, etc. Trenite van Doorne
Date of publication, distribution, etc. 1992
300 ## - PHYSICAL DESCRIPTION
Extent 20p. ; 30cm.
350 ## - PRICE (NR) (BK AM CF MU VM SE) [OBSOLETE]
Price 0
490 ## - SERIES STATEMENT
Series statement MIPIM
Volume/sequential designation 92
520 ## - SUMMARY, ETC.
Summary, etc. International Property Market (Marche International des Professionnels de l`Immobilier), Cannes 14-17 March 1992.
650 ## - SUBJECT ADDED ENTRY--TOPICAL TERM
Topical term or geographic name entry element FOREIGN INVESTMENT
650 ## - SUBJECT ADDED ENTRY--TOPICAL TERM
Topical term or geographic name entry element LAW
650 ## - SUBJECT ADDED ENTRY--TOPICAL TERM
Topical term or geographic name entry element NETHERLANDS
690 ## - LOCAL SUBJECT ADDED ENTRY--TOPICAL TERM (OCLC, RLIN)
Topical term or geographic name as entry element PROPERTY-PROPERTY FINANCE AND INVESTMENT
942 ## - ADDED ENTRY ELEMENTS (KOHA)
Suppress in OPAC 0
948 ## - LOCAL PROCESSING INFORMATION (OCLC); SERIES PART DESIGNATOR (RLIN)
c (OCLC) 04/03/1997
Holdings
Withdrawn status Lost status Source of classification or shelving scheme Damaged status Not for loan Home library Current library Shelving location Date acquired Total Checkouts Full call number Barcode Date last seen Copy number Price effective from Koha item type
    Dewey Decimal Classification     London London Basement 16/02/1993   BASEMENT 30044122 06/08/2019 1 06/08/2019 Book